Traité de l'usure
Salvato in:
| Autore principale: | |
|---|---|
| Natura: | Libro |
| Lingua: | francese |
| Pubblicazione: |
París
Auguste Durand
1846
|
| Soggetti: | |
| Tags: |
Aggiungi Tag
Nessun Tag, puoi essere il primo ad aggiungerne!!
|
MARC
| LEADER | 00000nam a2200000 a 4500 | ||
|---|---|---|---|
| 001 | UCR4701 | ||
| 003 | CL-VaPUC | ||
| 008 | 980313e18460000FR |||||||||||||||||fre|d | ||
| 082 | 0 | 4 | |a 332.83 |b PET |2 21 |
| 100 | 0 | |a Petit, Par M |e author |9 405237 | |
| 245 | 1 | 0 | |a Traité de l'usure |
| 300 | |a 528 p | ||
| 942 | |c BK | ||
| 945 | |d 19980313 00:00:00 |a crobeson | ||
| 260 | |a París |b Auguste Durand |c 1846 | ||
| 650 | 7 | |a USURA |2 CL-VaPUC |9 368490 | |
| 650 | 0 | |a Delitos económicos |9 255899 | |
| 650 | 0 | |a Jurisprudencia |9 255952 | |
| 650 | 0 | |a Teoría jurídica |9 345880 | |
| 583 | |a last modification |c 19980313 00:00:00 |k Rodrigo Vera | ||
| 999 | |c 267596 |d 267594 | ||
| 952 | |0 0 |1 0 |4 0 |6 332_830000000000000_PET_1846 |7 0 |8 X |9 300007 |a BIBDER |b BIBDER |d 2019-11-20 |i 1949691 |o 332.83 PET 1846 |p 1949691 |r 2023-01-25 |w 2019-11-20 |y BK_X |k DER | ||